000 00710nam a2200253 4500
003 OSt
005 20260530115317.0
008 260507b1992 sp ||||| |||| 00| 0 spa d
020 _a9788486925543
040 _aICI
_bspa
_cICI
_erda
041 _aspa
245 1 0 _aNaturaleza.
260 _aEspaña :
_b[s.n.],
_c1992.
300 _a1 volumen :
_bilustraciones ;
_c28 cm.
504 _aIncluye referencias bibliográficas.
650 4 _aNaturaleza.
_933826
650 4 _aHistoria natural.
_910072
650 4 _aCiencias naturales.
_933827
650 4 _aEcología.
_919532
650 4 _aMedio ambiente.
_933828
650 4 _aBiodiversidad.
_933829
650 4 _aVida silvestre.
_933830
942 _2lcc
_cBK
_n1
999 _c13622
_d13622